Statistics for U.S. State Borders by Largest Population

Click here to take the quiz!

General Stats

  • This quiz has been taken 26 times
  • The average score is 14 of 15

Answer Stats

StateMost Popular Border% Correct
AlabamaFlorida
100%
TexasLouisiana
100%
NevadaCalifornia
95%
TennesseeGeorgia
95%
MontanaIdaho
95%
MissouriIllinois
95%
MichiganOhio
95%
WashingtonOregon
95%
ArizonaCalifornia
90%
OhioMichigan
90%
IdahoWashington
90%
MinnesotaWisconsin
90%
VirginiaTennessee
80%
NebraskaMissouri
75%
Rhode IslandMassachusetts
65%

Score Distribution

Percentile by Number Answered

Percent of People with Each Score

Your Score History

You have not taken this quiz